- Historia contemporánea
Entrada Tema o Materia
Número de registros utilizados en: 3
001 - NUMERO DE CONTROL
- Campo de control: 7040
008 - CAMPO DE LONGITUD FIJA
- Campo fijo de descripción fija: 901201 n anznnbabn |a ana
750 #7 - ASIENTO LIGADO AL ENCABEZAMIENTO - TEMATICO
- Encabezamiento temático : Història moderna
- Source of heading or term: lemac
024 7# -
- : http://lemav.sgcb.mcu.es/Autoridades/LEMAV2015008834/concept
- : lemav
003 - IDENTIFICADOR DEL NUMERO DE CONTROL
- Campo de control: SpMaBN
005 - HORA Y FECHA DE LA ULTIMA TRANSACCIÓN
- Campo de control: 20220628174706.0
016 ## -
- : BNE19902548256
024 7# -
- : http://id.loc.gov/authorities/subjects/sh85061236
- : lcsh
024 7# -
- : http://data.bnf.fr/ark:/12148/cb119760222
- : rameau
024 7# -
- : http://lemac.sgcb.mcu.es/Autoridades/LEMAC201216687/concept
- : lemac
024 7# -
- : http://lemav.sgcb.mcu.es/Autoridades/LEMAV2015008834/concept
- : lemav
040 ## -
- : SpMaBN
- : spa
- : SpMaBN
- : rdc
- : embne
042 ## -
- : 199602099351PCMPBC BNEP300
080 ## -
- : 94(100)"18/..."
- : 2015
150 ## - ENCABEZAMIENTO DE MATERIA-TEMA
- Téma o Materia: Historia contemporánea
450 ## - REFERENCIA DE ENVIO “VEASE” - MATERIA
- Encabezamiento temático : Edad contemporánea
- Subdivisión general: Historia
450 ## - REFERENCIA DE ENVIO “VEASE” - MATERIA
- Encabezamiento temático : Historia universal
- Subdivisión Cronológica: S.XIX-
550 ## - REFERENCIA DE ENVIO "VEASE ADEMAS" - MATERIA
- Subcampo de control: g
- Encabezamiento temático o nombre geográfico como elemento de entrada: Historia universal
670 ## - FUENTE EN LA QUE SE LOCALIZARON DATOS
- Cita de la fuente : LCSH
- Información localizada : (History, Modern)
670 ## - FUENTE EN LA QUE SE LOCALIZARON DATOS
- Cita de la fuente : LEM
- Información localizada : (Edad contemporánea-Historia)
670 ## - FUENTE EN LA QUE SE LOCALIZARON DATOS
- Cita de la fuente : RAMEAU
- Información localizada : (Histoire moderne et contemporaine)
670 ## - FUENTE EN LA QUE SE LOCALIZARON DATOS
- Cita de la fuente : CSIC
- Información localizada : (Historia contemporánea)
680 ## - Nota general pública
- Texto explicativo: Úsase para obras generales sobre la historia de varios países desde el S.XIX.
750 #7 - ASIENTO LIGADO AL ENCABEZAMIENTO - TEMATICO
- Encabezamiento temático : Histoire moderne et contemporaine
- Source of heading or term: rameau
750 #7 - ASIENTO LIGADO AL ENCABEZAMIENTO - TEMATICO
- Encabezamiento temático : History, Modern
- Source of heading or term: lcsh
750 #7 - ASIENTO LIGADO AL ENCABEZAMIENTO - TEMATICO
- Encabezamiento temático : Història contemporània
- Source of heading or term: lemac
750 #7 - ASIENTO LIGADO AL ENCABEZAMIENTO - TEMATICO
- Encabezamiento temático : Historia garaikidea
- Source of heading or term: lemav
901 ## -
- : LAEMBNE
961 ## -
- : Historia contemporánea
